Statistics for WWE Finishers Quiz

Click here to take the quiz!

General Stats

  • This quiz has been taken 149 times
  • The average score is 11 of 20

Answer Stats

SuperstarAnswer% Correct
John cenaAttitude adjustment
97%
The rockRock Bottom
96%
Rey mysterio619
93%
AJ StylesStyles clash
77%
SheamusBrogue kick
76%
ChristianKillswitch
72%
Roman reignsSpear
61%
Randy ortonRKO
60%
Dean ambroseDirty deeds
55%
Triple HPedigree
55%
Shawn MichaelsSweet chin music
53%
Brock LesnarF5
52%
UndertakerTombstone pile driver
51%
Seth Rollins (his first one)Curb stomp
48%
Braun StrowmanRunning power slam
43%
Kevin OwensPop up power bomb
39%
Mark HenryWorlds strongest slam
37%
Daniel BryanRunning knee
32%
CesaroNeutraliser
7%
Jack swaggerPatriot bomb
1%

Score Distribution

Percentile by Number Answered

Percent of People with Each Score

Your Score History

You have not taken this quiz